[Event "4NCL/Div2b/GUI3 vs. WES1"]
[Site "Sunningdale ENG"]
[Date "2009.01.18"]
[Round "6.5"]
[White "Granat, Russell G"]
[Black "Rutter, Nicholas"]
[Result "1-0"]
[WhiteElo "2257"]
[BlackElo "2187"]
[PlyCount "116"]
[EventDate "2009.01.18"]
[SourceDate "2008.10.04"]

1. e4 c5 2. Nf3 Nc6 3. d4 cxd4 4. Nxd4 Nf6 5. Nc3 e5 6. Nb3 Bb4 7. Bg5 h6 8.
Bxf6 Bxc3+ 9. bxc3 Qxf6 10. Bc4 O-O 11. O-O d6 12. Qe2 Be6 13. Rad1 Rac8 14.
Bd5 Bxd5 15. Rxd5 Ne7 16. Rd3 Rfd8 17. Rfd1 Qe6 18. Qd2 b6 19. f4 exf4 20. Qxf4
Ng6 21. Qe3 Ne5 22. Rd5 Qg4 23. h3 Nc4 24. Qe1 Qf4 25. R1d3 Re8 26. R5d4 Ne5
27. Re3 Re6 28. Nc1 Rg6 29. Qf2 Qg5 30. Ne2 Rf6 31. Qg3 Qxg3 32. Rxg3 Rc5 33.
Ra4 a5 34. Nd4 Nc4 35. Nb3 Rc8 36. Nd4 Kf8 37. Rd3 Nb2 38. Ra3 Rf4 39. Rb3 Nxd3
40. cxd3 a4 41. Rxb6 Rf6 42. c4 Re8 43. Rb4 d5 44. cxd5 Ra6 45. a3 g6 46. Kf2
Raa8 47. Nc6 Ra6 48. Ke3 g5 49. Kd4 h5 50. Kc4 Kg7 51. e5 Kg6 52. g4 hxg4 53.
hxg4 Rh8 54. Ne7+ Kg7 55. d6 Rh3 56. Kd4 f5 57. Nxf5+ Kg6 58. e6 Rh8 1-0

[Event "4NCL/Div2b/GUI3 vs. WES1"]
[Site "Sunningdale ENG"]
[Date "2009.01.18"]
[Round "6.6"]
[White "Yeo, Michael J"]
[Black "Anderton, Matthew N"]
[Result "1-0"]
[WhiteElo "2120"]
[BlackElo "2238"]
[PlyCount "81"]
[EventDate "2009.01.18"]
[SourceDate "2008.10.04"]

1. e4 e6 2. d4 d5 3. Nd2 Nf6 4. e5 Nfd7 5. Bd3 c5 6. c3 Nc6 7. Ne2 cxd4 8. cxd4
Qb6 9. Nf3 f6 10. exf6 Nxf6 11. O-O Bd6 12. Bf4 Bxf4 13. Nxf4 O-O 14. Re1 Qxb2
15. Nxe6 Bxe6 16. Rxe6 Rae8 17. Rxe8 Rxe8 18. Qc1 Qxc1+ 19. Rxc1 Nd7 20. Kf1
Re7 21. Bb5 Re6 22. Ba4 h6 23. Bb3 Rd6 24. Ke2 Kf7 25. Ne5+ Ke7 26. Nxc6+ Rxc6
27. Rxc6 bxc6 28. h4 Ke6 29. g4 g5 30. hxg5 hxg5 31. f4 gxf4 32. Kf3 c5 33.
dxc5 Nxc5 34. Kxf4 a5 35. g5 a4 36. Bd1 Nd3+ 37. Ke3 Ne5 38. Bxa4 Kf5 39. Kd4
Nc4 40. Bb3 Kxg5 41. Bxc4 1-0

[Event "4NCL/Div2b/GUI3 vs. WES1"]
[Site "Sunningdale ENG"]
[Date "2009.01.18"]
[Round "6.7"]
[White "Jackson, Adrian"]
[Black "de Coverly, Roger"]
[Result "1-0"]
[WhiteElo "2215"]
[BlackElo "2078"]
[PlyCount "121"]
[EventDate "2009.01.18"]
[SourceDate "2008.10.04"]

1. e4 e5 2. Nf3 Nc6 3. Bb5 a6 4. Ba4 Nf6 5. O-O Be7 6. Re1 b5 7. Bb3 O-O 8. c3
d6 9. d3 Na5 10. Bc2 c5 11. Nbd2 g6 12. Nf1 Nh5 13. Bh6 Re8 14. Qd2 Bf6 15. h3
Bd7 16. g4 Ng7 17. Ne3 Bc6 18. b4 Nb7 19. Nd5 Bxd5 20. exd5 cxb4 21. cxb4 Rc8
22. Re4 Qc7 23. Bb3 Qc3 24. Rd1 Qxd2 25. Bxd2 Bd8 26. a4 f5 27. Ree1 Rf8 28.
Kg2 bxa4 29. Bxa4 Rc7 30. g5 Rcf7 31. h4 Bb6 32. Be3 Bxe3 33. Rxe3 Nh5 34. Bc6
e4 35. Ne1 Nd8 36. Kh2 Nxc6 37. dxc6 d5 38. Ra1 d4 39. Re2 Nf4 40. Rb2 exd3 41.
Rxa6 Re7 42. Nf3 Re2 43. Raa2 Rfe8 44. b5 Nd5 45. Rd2 R2e4 46. Rab2 Rf4 47.
Rxd3 Nb6 48. Rc2 Rc8 49. Rc5 Na4 50. Rd5 Nc3 51. R5xd4 Rxd4 52. Nxd4 Nxb5 53.
Nxb5 Rxc6 54. Rd8+ Kg7 55. Rd7+ Kg8 56. Nd4 Ra6 57. Kg3 Ra1 58. Kf4 Re1 59. f3
Re8 60. Nc6 Re1 61. Ne7+ 1-0

[Event "4NCL/Div2b/GUI3 vs. WES1"]
[Site "Sunningdale ENG"]
[Date "2009.01.18"]
[Round "6.8"]
[White "Thilaganathan, Jessica"]
[Black "Hunt, Daniel"]
[Result "0-1"]
[WhiteElo "1894"]
[BlackElo "1917"]
[PlyCount "74"]
[EventDate "2009.01.18"]
[SourceDate "2008.10.04"]

1. d4 Nf6 2. c4 g6 3. Nc3 d5 4. h4 Bg7 5. h5 O-O 6. cxd5 Nxd5 7. e4 Nxc3 8.
bxc3 c5 9. Be3 Nc6 10. hxg6 hxg6 11. Ne2 Qa5 12. Qd2 cxd4 13. cxd4 Qxd2+ 14.
Kxd2 Rd8 15. Kc3 Be6 16. e5 Rac8 17. Kb2 Nxe5 18. Nf4 Bf5 19. Rc1 Nc6 20. Ne2
Nxd4 21. Bxd4 Rxc1 22. Kxc1 Bxd4 23. Nxd4 Rxd4 24. Be2 Rb4 25. Rd1 Rb1+ 26. Kd2
Rb2+ 27. Ke3 Rxa2 28. Rd8+ Kg7 29. Rb8 Rb2 30. Ba6 b6 31. Rb7 Ra2 32. Bc4 Ra4
33. Bb5 Ra5 34. Bc4 Kf6 35. Be2 Ra3+ 36. Kd4 Ra4+ 37. Ke3 Be4 0-1

[Event "4NCL/Div2b/CHEDP vs. KHE"]
[Site "Sunningdale ENG"]
[Date "2009.01.18"]
[Round "6.1"]
[White "Arkell, Keith"]
[Black "Kwiatkowski, Feliks J"]
[Result "1-0"]
[WhiteElo "2510"]
[BlackElo "2224"]
[PlyCount "69"]
[EventDate "2009.01.18"]
[SourceDate "2008.10.04"]

1. d4 Nf6 2. Nf3 e6 3. c4 b6 4. g3 Ba6 5. b3 Bb4+ 6. Bd2 Be7 7. Bc3 c6 8. Nbd2
d5 9. Ne5 Nfd7 10. Nd3 O-O 11. Bg2 Bb7 12. e4 dxe4 13. Nxe4 Nf6 14. Ne5 Qc7 15.
Qf3 Nxe4 16. Qxe4 f5 17. Qf3 Bf6 18. O-O Bxe5 19. dxe5 Nd7 20. Rad1 Rad8 21. b4
Ba6 22. Rd6 Nxe5 23. Bxe5 Rxd6 24. Qf4 Rfd8 25. c5 bxc5 26. bxc5 Rd4 27. Bxc7
Rxf4 28. gxf4 Rc8 29. Bd6 Bxf1 30. Bxf1 a6 31. Bxa6 Ra8 32. Bb7 Rxa2 33. Bxc6
Kf7 34. Bb7 Rd2 35. Be5 1-0

[Event "4NCL/Div2b/CHEDP vs. KHE"]
[Site "Sunningdale ENG"]
[Date "2009.01.18"]
[Round "6.2"]
[White "McMichael, Richard"]
[Black "Bellin, Robert"]
[Result "1/2-1/2"]
[WhiteElo "2285"]
[BlackElo "2389"]
[PlyCount "71"]
[EventDate "2009.01.18"]
[SourceDate "2008.10.04"]

1. c4 Nf6 2. g3 g6 3. Bg2 Bg7 4. Nc3 O-O 5. e4 c5 6. Nge2 Nc6 7. O-O d6 8. d3
Bd7 9. h3 a6 10. Be3 Rb8 11. Qd2 b5 12. b3 b4 13. Nd5 Ne8 14. Bh6 Bxa1 15. Bxf8
Bh8 16. Bh6 e6 17. Ne3 Qf6 18. Nd1 Qe7 19. Be3 Nd4 20. f4 f5 21. Bf2 a5 22. Ne3
Nc7 23. Re1 Qf7 24. exf5 gxf5 25. Nc2 e5 26. Ne3 Be6 27. fxe5 dxe5 28. Nxd4
cxd4 29. Nd5 Nxd5 30. cxd5 Bxd5 31. Qg5+ Bg7 32. Bxd5 Qxd5 33. Qxf5 Rf8 34. Qg4
Qf3 35. Qxf3 Rxf3 36. Rd1 1/2-1/2

[Event "4NCL/Div2b/CHEDP vs. KHE"]
[Site "Sunningdale ENG"]
[Date "2009.01.18"]
[Round "6.3"]
[White "Wallace, Paul A"]
[Black "Thomas, Richard H"]
[Result "1/2-1/2"]
[WhiteElo "2253"]
[BlackElo "2194"]
[PlyCount "88"]
[EventDate "2009.01.18"]
[SourceDate "2008.10.04"]

1. e4 g6 2. d4 Bg7 3. Nc3 c6 4. Be3 d6 5. a4 Na6 6. Nf3 Nf6 7. h3 O-O 8. Be2 b6
9. O-O Bb7 10. Qd2 Nc7 11. Bh6 c5 12. Bxg7 Kxg7 13. d5 e6 14. dxe6 fxe6 15. e5
dxe5 16. Qxd8 Rfxd8 17. Nxe5 Ncd5 18. Bf3 Rab8 19. Nb5 a6 20. Na3 Nf4 21. Bxb7
Rxb7 22. Rfd1 Re8 23. Nac4 Rf8 24. Nd6 Rc7 25. Rd2 N4d5 26. Re1 Ne8 27. Ne4 h6
28. c4 Ndf6 29. Nxf6 Nxf6 30. Rd6 Rb8 31. Rxe6 g5 32. Rd1 Re8 33. Rxe8 Nxe8 34.
Rd7+ Rxd7 35. Nxd7 Nd6 36. b3 Kf7 37. a5 Ke6 38. Nb8 bxa5 39. Nxa6 Nxc4 40.
Nxc5+ Kd5 41. Nb7 Kc6 42. Nxa5+ Nxa5 43. b4 Nb3 44. Kh2 Kd5 1/2-1/2

[Event "4NCL/Div2b/CHEDP vs. KHE"]
[Site "Sunningdale ENG"]
[Date "2009.01.18"]
[Round "6.4"]
[White "Spivack, Simon"]
[Black "Edwards, Simon"]
[Result "1-0"]
[WhiteElo "2171"]
[BlackElo "2029"]
[PlyCount "159"]
[EventDate "2009.01.18"]
[SourceDate "2008.10.04"]

1. Nf3 Nf6 2. c4 g6 3. Nc3 Bg7 4. e4 d6 5. d4 O-O 6. Be2 Nc6 7. d5 Nb8 8. O-O
e5 9. Bg5 Qd7 10. Rc1 Ne8 11. c5 dxc5 12. Bb5 Qd6 13. Nd2 f6 14. Be3 b6 15. Qa4
Bd7 16. Rfd1 a6 17. Bxd7 Qxd7 18. Qa3 Nd6 19. b4 cxb4 20. Qxb4 Rc8 21. Na4 Rd8
22. Qb3 Ra7 23. Rc2 Kh8 24. Rdc1 Rb7 25. Nb2 a5 26. Qd3 Bf8 27. f4 b5 28. fxe5
fxe5 29. Nf3 Bg7 30. Ng5 Na6 31. Ne6 Nb4 32. Qe2 Nxc2 33. Qxc2 Rc8 34. Nc5 Qg4
35. h3 Qg3 36. Bf2 Qf4 37. Nbd3 Qf8 38. Nxb7 Nxb7 39. Qc6 Nd8 40. Qd7 Nf7 41.
Rxc7 Rxc7 42. Qxc7 Ng5 43. Nc5 Qe8 44. Be3 Nf7 45. Ne6 Bf6 46. Bc5 Kg8 47. Qxa5
Ng5 48. Nxg5 Bxg5 49. Qa6 Qf7 50. Qa8+ Kg7 51. Qa7 Qxa7 52. Bxa7 Bd2 53. Bc5
Kf7 54. Kf2 Kf6 55. Kf3 Ba5 56. Be3 Bb4 57. Ke2 Ba5 58. Kd3 Ke7 59. Kc2 Kd6 60.
Kb3 Be1 61. a4 bxa4+ 62. Kxa4 Bc3 63. Kb5 Be1 64. Bc5+ Kd7 65. Ba3 Bf2 66. Bb4
Be3 67. Bf8 Bc1 68. Kc4 Bb2 69. Bh6 Bd4 70. Kd3 Bb2 71. Ke2 Ke7 72. Kf3 Ba3 73.
Kg4 Kf7 74. h4 Be7 75. h5 Bd8 76. Be3 Be7 77. Bb6 Bb4 78. hxg6+ hxg6 79. Bc7
Kf6 80. d6 1-0

[Event "4NCL/Div2b/CHEDP vs. KHE"]
[Site "Sunningdale ENG"]
[Date "2009.01.18"]
[Round "6.5"]
[White "Simmons, Matthew"]
[Black "Ward, Julian T"]
[Result "0-1"]
[WhiteElo "2071"]
[BlackElo "2190"]
[PlyCount "44"]
[EventDate "2009.01.18"]
[SourceDate "2008.10.04"]

1. e4 c5 2. Nf3 Nf6 3. Nc3 d5 4. e5 d4 5. exf6 dxc3 6. fxg7 cxd2+ 7. Bxd2 Bxg7
8. Bc4 h6 9. Qe2 Nc6 10. c3 e6 11. Rd1 Qc7 12. Qe4 Ne5 13. Bf4 Nxf3+ 14. Qxf3
e5 15. Bb5+ Kf8 16. Bg3 h5 17. Bc4 Bg4 18. Qe4 Bxd1 19. Kxd1 h4 20. Bxh4 Qd7+
21. Ke2 f5 22. Qf3 Rxh4 0-1

[Event "4NCL/Div2b/CHEDP vs. KHE"]
[Site "Sunningdale ENG"]
[Date "2009.01.18"]
[Round "6.6"]
[White "Forbes, Cathy"]
[Black "Bennett, Patrick"]
[Result "1-0"]
[WhiteElo "2114"]
[BlackElo "2078"]
[PlyCount "121"]
[EventDate "2009.01.18"]
[SourceDate "2008.10.04"]

1. d4 Nf6 2. Bf4 d6 3. Nd2 Nbd7 4. Ngf3 g6 5. e4 Bg7 6. Bc4 O-O 7. O-O c6 8. c3
Nxe4 9. Nxe4 d5 10. Bd3 dxe4 11. Bxe4 Nf6 12. Bd3 b5 13. Re1 Nd5 14. Be5 Bh6
15. Qe2 Be6 16. h4 Bg4 17. Bg3 e6 18. Be4 Rc8 19. Qc2 Bf4 20. Bxd5 Bxg3 21.
fxg3 Qxd5 22. Ne5 Bf5 23. Qb3 f6 24. Qxd5 exd5 25. Nf3 Rfe8 26. Kf2 Kf7 27. Nd2
Rxe1 28. Rxe1 Bc2 29. Rc1 Bd3 30. Re1 Re8 31. Rxe8 Kxe8 32. Ke3 Bc2 33. g4 g5
34. hxg5 fxg5 35. Nf3 Ke7 36. Nxg5 a5 37. Nf3 Ke6 38. Kf4 b4 39. cxb4 axb4 40.
g3 Kd6 41. g5 Be4 42. Ne5 c5 43. Ke3 Bb1 44. Nd3 cxd4+ 45. Kxd4 Bxa2 46. Nxb4
Bc4 47. Nc2 Be2 48. Ne3 Bf3 49. b4 Be4 50. Ng4 Bc2 51. Nf6 Ke6 52. Nxd5 Bb3 53.
Nc3 Kf5 54. b5 Be6 55. Ne4 Bd7 56. b6 Bc6 57. Nf6 Kxg5 58. Nxh7+ Kg4 59. Kc5
Bf3 60. Nf6+ Kxg3 61. Nd5 1-0

[Event "4NCL/Div2b/CHEDP vs. KHE"]
[Site "Sunningdale ENG"]
[Date "2009.01.18"]
[Round "6.7"]
[White "Butterworth, Andrew"]
[Black "Stevenson, James A B"]
[Result "1/2-1/2"]
[WhiteElo "2065"]
[BlackElo "2087"]
[PlyCount "39"]
[EventDate "2009.01.18"]
[SourceDate "2008.10.04"]

1. e4 c5 2. Nf3 d6 3. d4 Nf6 4. Nc3 cxd4 5. Nxd4 a6 6. Bg5 e6 7. f4 Be7 8. Qf3
Qc7 9. O-O-O Nbd7 10. Bd3 h6 11. Bh4 g5 12. fxg5 Ne5 13. Qe2 Nfg4 14. Nf3 Ng6
15. Bg3 hxg5 16. Kb1 N4e5 17. Qe3 Ng4 18. Qe2 N4e5 19. Qe3 Ng4 20. Qe2 1/2-1/2

[Event "4NCL/Div2b/CHEDP vs. KHE"]
[Site "Sunningdale ENG"]
[Date "2009.01.18"]
[Round "6.8"]
[White "Haria, Ravi"]
[Black "Berglitz, Regina H"]
[Result "1/2-1/2"]
[WhiteElo "1765"]
[BlackElo "2083"]
[PlyCount "62"]
[EventDate "2009.01.18"]
[SourceDate "2008.10.04"]

1. e4 d5 2. exd5 Qxd5 3. Nc3 Qa5 4. d4 c6 5. Nf3 Nf6 6. Bc4 Bf5 7. Bd2 e6 8.
Nd5 Qd8 9. Nxf6+ gxf6 10. Bc3 Nd7 11. Qe2 Nb6 12. Ba5 Qe7 13. Bb3 Bh6 14. Bd2
Bxd2+ 15. Qxd2 O-O-O 16. O-O-O Rhg8 17. Nh4 Be4 18. f3 Bd5 19. Rhe1 Qd6 20. g3
Bxb3 21. axb3 Rg5 22. f4 Rd5 23. Nf3 Qc7 24. c4 R5d7 25. Qa5 Kb8 26. Kc2 Nc8
27. Ra1 Qb6 28. Qxb6 axb6 29. Ra4 Ne7 30. g4 c5 31. dxc5 bxc5 1/2-1/2

[Event "4NCL/Div2b/WWKS1 vs. FCA1"]
[Site "Sunningdale ENG"]
[Date "2009.01.18"]
[Round "6.1"]
[White "Mason, Don"]
[Black "Tippleston, Charles"]
[Result "1/2-1/2"]
[WhiteElo "2255"]
[BlackElo "2170"]
[PlyCount "87"]
[EventDate "2009.01.18"]
[SourceDate "2008.10.04"]

1. e4 c5 2. Nf3 e6 3. d4 cxd4 4. Nxd4 Nf6 5. Nc3 Nc6 6. Be2 Bb4 7. O-O Bxc3 8.
bxc3 Nxe4 9. Qd3 d5 10. Nxc6 bxc6 11. Ba3 Nd6 12. Qg3 Nf5 13. Qf4 Ne7 14. Bd3
f5 15. Rfe1 O-O 16. Qd6 Qxd6 17. Bxd6 Re8 18. f4 Kf7 19. Rab1 Ng8 20. a4 Nf6
21. a5 Ne4 22. Bxe4 fxe4 23. Kf2 Ba6 24. Ke3 Red8 25. Bc5 Rd7 26. Kd4 Bb5 27.
Ke5 a6 28. Rbd1 Ba4 29. Rd2 Rb8 30. Rxe4 Bxc2 31. Rb4 Rxb4 32. cxb4 Ba4 33. g4
g6 34. h4 Rd8 35. Rh2 Bd1 36. g5 d4 37. Rd2 Rd5+ 38. Ke4 Ba4 39. Rxd4 Bc2+ 40.
Ke3 Bb3 41. Rxd5 exd5 42. f5 gxf5 43. h5 Bd1 44. h6 1/2-1/2

[Event "4NCL/Div2b/WWKS1 vs. FCA1"]
[Site "Sunningdale ENG"]
[Date "2009.01.18"]
[Round "6.2"]
[White "Majer, Chris E"]
[Black "Thomas, Nicholas"]
[Result "0-1"]
[WhiteElo "2081"]
[BlackElo "2313"]
[PlyCount "100"]
[EventDate "2009.01.18"]
[SourceDate "2008.10.04"]

1. e4 e6 2. d4 d5 3. e5 c5 4. c3 Nc6 5. Nf3 Bd7 6. Bd3 cxd4 7. cxd4 Qb6 8. O-O
Nxd4 9. Nbd2 Bc5 10. Nxd4 Bxd4 11. Nf3 Bc5 12. b4 Qxb4 13. Rb1 Qa4 14. Qxa4
Bxa4 15. Rxb7 Ne7 16. Bd2 Nc6 17. Ng5 Nxe5 18. Bxh7 Be7 19. Bb1 Bc6 20. Rb3 Nc4
21. Bc1 Bf6 22. Re1 Bxg5 23. Bxg5 Kd7 24. Bd3 f6 25. Bc1 Rab8 26. Bxc4 dxc4 27.
Rg3 Rhg8 28. Be3 a6 29. Bd4 Ke7 30. Rc1 Bd5 31. Ra3 Ra8 32. h3 Rgb8 33. Rg3 Kf7
34. Bc3 a5 35. Kh2 Rb5 36. Re1 a4 37. a3 Rb3 38. Bb4 Rc8 39. Rc1 Rb2 40. Kg1
Rc6 41. Rgc3 Rc8 42. Rg3 Rh8 43. Re1 Rh4 44. Rge3 Rf4 45. R1e2 Rb3 46. Re1 Rf5
47. R3e2 Rg5 48. g3 Rh5 49. Kh2 e5 50. g4 Rhxh3+ 0-1

[Event "4NCL/Div2b/WWKS1 vs. FCA1"]
[Site "Sunningdale ENG"]
[Date "2009.01.18"]
[Round "6.3"]
[White "Shephard, Chris C W"]
[Black "Freeman, Richard C P"]
[Result "1/2-1/2"]
[WhiteElo "2214"]
[BlackElo "2066"]
[PlyCount "29"]
[EventDate "2009.01.18"]
[SourceDate "2008.10.04"]

1. c4 g6 2. Nc3 Bg7 3. e4 d6 4. d4 e5 5. Nf3 exd4 6. Nxd4 Nc6 7. Nc2 Nge7 8.
Be2 O-O 9. O-O Be6 10. Re1 Qd7 11. Bd2 h6 12. Bf1 Kh7 13. Ne3 f5 14. exf5 Nxf5
15. Nxf5 1/2-1/2

[Event "4NCL/Div2b/WWKS1 vs. FCA1"]
[Site "Sunningdale ENG"]
[Date "2009.01.18"]
[Round "6.4"]
[White "Smith, Graham"]
[Black "Galloway, Iain"]
[Result "1-0"]
[WhiteElo "2103"]
[BlackElo "2131"]
[PlyCount "53"]
[EventDate "2009.01.18"]
[SourceDate "2008.10.04"]

1. e4 c5 2. Nc3 d6 3. f4 Nc6 4. Nf3 g6 5. Bb5 Bg7 6. Bxc6+ bxc6 7. h3 e6 8. Qe2
Ne7 9. O-O Rb8 10. Nd1 O-O 11. c4 e5 12. fxe5 dxe5 13. d3 Qd6 14. Nc3 Rd8 15.
Rd1 Be6 16. Be3 Nc8 17. Na4 Nb6 18. Nxc5 Bc8 19. Nb3 Qc7 20. Qe1 f5 21. Qa5
fxe4 22. dxe4 Be6 23. c5 Rxd1+ 24. Rxd1 Na8 25. Qxc7 Nxc7 26. Na5 h6 27. b3 1-0

[Event "4NCL/Div2b/WWKS1 vs. FCA1"]
[Site "Sunningdale ENG"]
[Date "2009.01.18"]
[Round "6.5"]
[White "Pitcher, John"]
[Black "Almond, Richard"]
[Result "1-0"]
[WhiteElo "2183"]
[BlackElo "2126"]
[PlyCount "139"]
[EventDate "2009.01.18"]
[SourceDate "2008.10.04"]

1. e4 d5 2. exd5 Qxd5 3. Nc3 Qa5 4. Bc4 c6 5. d4 Bf5 6. Nge2 e6 7. O-O Bd6 8.
Ng3 Bxg3 9. hxg3 Nf6 10. Bb3 O-O 11. Bf4 Nd5 12. Bd2 Nxc3 13. Bxc3 Qc7 14. Qe2
Nd7 15. g4 Bg6 16. Rad1 Nf6 17. f3 Rfd8 18. Qe5 Rac8 19. Ba5 b6 20. Qxc7 Rxc7
21. Be1 c5 22. g5 Ne8 23. Bg3 Rcd7 24. c3 cxd4 25. Ba4 Rd5 26. Rxd4 Rxd4 27.
cxd4 h5 28. Rc1 Nd6 29. Rc7 Nf5 30. Be5 Nxd4 31. Rxa7 Ne2+ 32. Kh2 Rd5 33. f4
b5 34. Bb3 Rd2 35. Bxe6 Nxf4 36. Bxf4 Rd4 37. Be5 Re4 38. Bxf7+ Bxf7 39. g6
Bxg6 40. Rxg7+ Kf8 41. Rxg6 Rxe5 42. Rb6 Kg7 43. Kh3 Rd5 44. a3 Re5 45. g3 Rd5
46. Kh4 Re5 47. b4 Rd5 48. Rc6 Rd3 49. Rc5 Rxa3 50. Rxh5 Rb3 51. Rxb5 Kg6 52.
Kg4 Kf6 53. Kf4 Rb1 54. Rb6+ Kf7 55. g4 Rc1 56. Kg5 Rd1 57. Rf6+ Kg7 58. Rf5
Rd4 59. b5 Rc4 60. Rd5 Rb4 61. Kf5 Kf7 62. g5 Rb1 63. g6+ Kf8 64. Kf6 Rf1+ 65.
Ke6 Rg1 66. Kd7 Rxg6 67. Kc7 Ke7 68. b6 Rg1 69. b7 Rc1+ 70. Kb6 1-0

[Event "4NCL/Div2b/WWKS1 vs. FCA1"]
[Site "Sunningdale ENG"]
[Date "2009.01.18"]
[Round "6.6"]
[White "Habershon, Paul"]
[Black "Baruch, Andrew J D"]
[Result "1/2-1/2"]
[WhiteElo "2090"]
[BlackElo "2081"]
[PlyCount "28"]
[EventDate "2009.01.18"]
[SourceDate "2008.10.04"]

1. Nf3 g6 2. e4 Bg7 3. d4 d6 4. Be2 Nf6 5. Nc3 O-O 6. O-O Nc6 7. h3 e5 8. dxe5
dxe5 9. Qxd8 Rxd8 10. Bg5 Be6 11. Rad1 h6 12. Be3 a6 13. Kh2 Nh5 14. g3 Nf6
1/2-1/2

[Event "4NCL/Div2b/WWKS1 vs. FCA1"]
[Site "Sunningdale ENG"]
[Date "2009.01.18"]
[Round "6.7"]
[White "Hunt, Malcolm A"]
[Black "Williamson, Kevin J"]
[Result "1/2-1/2"]
[WhiteElo "2080"]
[BlackElo "2020"]
[PlyCount "30"]
[EventDate "2009.01.18"]
[SourceDate "2008.10.04"]

1. d4 d5 2. Bf4 Nc6 3. e3 Nf6 4. Nf3 Bg4 5. Nbd2 e6 6. Be2 Bd6 7. O-O O-O 8. c3
Nd7 9. Bxd6 cxd6 10. e4 dxe4 11. Nxe4 Nf6 12. Nfd2 Bxe2 13. Qxe2 Nxe4 14. Qxe4
d5 15. Qd3 Qb6 1/2-1/2

[Event "4NCL/Div2b/WWKS1 vs. FCA1"]
[Site "Sunningdale ENG"]
[Date "2009.01.18"]
[Round "6.8"]
[White "Evans, Helen"]
[Black "Clarke, Brandon"]
[Result "0-1"]
[WhiteElo "1745"]
[BlackElo "2001"]
[PlyCount "104"]
[EventDate "2009.01.18"]
[SourceDate "2008.10.04"]

1. e4 e6 2. d4 d5 3. e5 c5 4. c3 Nc6 5. Nf3 Qb6 6. Be2 cxd4 7. cxd4 Nh6 8. Nc3
Nf5 9. Bb5 Bb4 10. Bxc6+ bxc6 11. O-O Ba6 12. Re1 O-O 13. a3 Bxc3 14. bxc3 c5
15. a4 cxd4 16. cxd4 Rfc8 17. Ba3 Qd8 18. Bc5 Ne7 19. Rb1 Nc6 20. Bd6 Na5 21.
Nd2 Bd3 22. Rc1 Bg6 23. Rxc8 Rxc8 24. Bc5 Qd7 25. Qe2 Nb7 26. Qb5 Qxb5 27. axb5
Nxc5 28. Rc1 Bd3 29. dxc5 Bxb5 30. Nb3 Bc4 31. Na5 Rxc5 32. Nxc4 dxc4 33. Kf1
Rxe5 34. Rxc4 g5 35. Ra4 a5 36. g3 Rb5 37. h4 h6 38. hxg5 hxg5 39. Kg2 f5 40.
Kh3 Kf7 41. Rc4 Rb2 42. Kg2 Ra2 43. Kf3 Kf6 44. g4 f4 45. Rc5 a4 46. Ra5 a3 47.
Ra4 Ra1 48. Ra5 a2 49. Ra4 Ke5 50. Ra5+ Kd4 51. Rxg5 e5 52. Rg7 Re1 0-1

[Event "4NCL/Div2b/CELT1 vs. SWD2"]
[Site "Sunningdale ENG"]
[Date "2009.01.18"]
[Round "6.1"]
[White "Kemp, Peter D"]
[Black "James, David J"]
[Result "1/2-1/2"]
[WhiteElo "2167"]
[BlackElo "2123"]
[PlyCount "42"]
[EventDate "2009.01.18"]
[SourceDate "2008.10.04"]

1. d4 Nf6 2. g3 d5 3. Bg2 e6 4. c4 Bb4+ 5. Bd2 Be7 6. Nf3 c6 7. Qc2 O-O 8. O-O
Nbd7 9. Bf4 b6 10. cxd5 cxd5 11. Qc6 Ba6 12. Nc3 Qc8 13. Qa4 Qc4 14. Qxc4 Bxc4
15. b3 Ba6 16. a4 Ne4 17. Nxe4 dxe4 18. Nd2 f5 19. Nc4 Nf6 20. Rfc1 Rfd8 21. e3
Rac8 1/2-1/2

[Event "4NCL/Div2b/CELT1 vs. SWD2"]
[Site "Sunningdale ENG"]
[Date "2009.01.18"]
[Round "6.2"]
[White "Roberts, David L"]
[Black "Pedersen, Carsten"]
[Result "0-1"]
[WhiteElo "2117"]
[BlackElo "2161"]
[PlyCount "78"]
[EventDate "2009.01.18"]
[SourceDate "2008.10.04"]

1. e4 e6 2. d4 d5 3. Nd2 Nf6 4. e5 Nfd7 5. Bd3 c5 6. c3 Nc6 7. Ne2 cxd4 8. cxd4
f6 9. exf6 Nxf6 10. Nf3 Bd6 11. O-O Qc7 12. Bg5 O-O 13. Bh4 Nh5 14. Qc2 h6 15.
Bh7+ Kh8 16. Bg6 Rxf3 17. gxf3 Bxh2+ 18. Kh1 Nf4 19. Ng3 Qd6 20. Rfd1 e5 21.
Bf5 Bxf5 22. Qxf5 Rf8 23. Qg4 Nxd4 24. Kxh2 Ng6 25. Rxd4 exd4 26. Kg1 Rf4 27.
Qc8+ Kh7 28. Re1 Nxh4 29. Re8 Nxf3+ 30. Kg2 Nh4+ 31. Kg1 Qc6 32. Rh8+ Kg6 33.
Qg8 Qc1+ 34. Kh2 Nf3+ 35. Kh3 Rh4+ 36. Kg2 Ne1+ 37. Kg1 Nd3+ 38. Nf1 Rg4+ 39.
Kh2 Qf4+ 0-1

[Event "4NCL/Div2b/CELT1 vs. SWD2"]
[Site "Sunningdale ENG"]
[Date "2009.01.18"]
[Round "6.3"]
[White "Haldane, Robin"]
[Black "Brown, Alan M"]
[Result "1/2-1/2"]
[WhiteElo "2156"]
[BlackElo "2115"]
[PlyCount "119"]
[EventDate "2009.01.18"]
[SourceDate "2008.10.04"]

1. e4 e6 2. d4 d5 3. Nc3 Bb4 4. Bd2 dxe4 5. Qg4 Qxd4 6. O-O-O f5 7. Qg3 Bd6 8.
Bf4 Bxf4+ 9. Qxf4 Qc5 10. f3 Nf6 11. fxe4 fxe4 12. Nxe4 Nxe4 13. Qxe4 Nc6 14.
Nf3 Bd7 15. Bc4 O-O-O 16. Rxd7 Rxd7 17. Bxe6 Qe7 18. Rd1 Rhd8 19. Rxd7 Rxd7 20.
Bxd7+ Kxd7 21. Qxh7 Qe3+ 22. Kd1 Qe7 23. Qf5+ Kd8 24. Qg5 Kd7 25. Qxe7+ Kxe7
26. c3 Na5 27. b3 c5 28. Ke2 Ke6 29. Ke3 Kf5 30. h3 Nc6 31. g4+ Ke6 32. Ke4 Ne7
33. h4 g6 34. Ng5+ Kf6 35. Nh3 b6 36. g5+ Ke6 37. Nf4+ Kd6 38. c4 a6 39. a3 b5
40. cxb5 axb5 41. a4 c4 42. axb5 cxb3 43. Kd3 Kc5 44. Kc3 Kxb5 45. Kxb3 Kc5 46.
Kc3 Kd6 47. Kd3 Ke5 48. Ng2 Nf5 49. Ke2 Ke4 50. Kf2 Nd4 51. Kg3 Nf3 52. Ne1 Ne5
53. Nc2 Nf7 54. Kg4 Ne5+ 55. Kh3 Kf4 56. Ne1 Nf7 57. Ng2+ Kf5 58. Ne3+ Ke4 59.
Nc4 Kf4 60. Nb6 1/2-1/2

[Event "4NCL/Div2b/CELT1 vs. SWD2"]
[Site "Sunningdale ENG"]
[Date "2009.01.18"]
[Round "6.4"]
[White "Jameson, David"]
[Black "Mueller, Jan"]
[Result "0-1"]
[WhiteElo "2066"]
[BlackElo "2100"]
[PlyCount "61"]
[EventDate "2009.01.18"]
[SourceDate "2008.10.04"]

1. e4 c5 2. f4 Nc6 3. Nf3 e6 4. Bb5 Qc7 5. Bxc6 bxc6 6. d3 d5 7. O-O Ba6 8.
exd5 cxd5 9. f5 e5 10. Nxe5 Bd6 11. Nf3 O-O-O 12. Nc3 Ne7 13. a4 Nxf5 14. Nxd5
Bxh2+ 15. Nxh2 Rxd5 16. Bf4 Qd7 17. Nf3 f6 18. b4 g5 19. Bd2 Bb7 20. Qe1 g4 21.
Nh4 Re8 22. Qf2 g3 23. Qf4 Nxh4 24. Qxh4 Re2 25. Rxf6 Rf5 26. Rxf5 Rxg2+ 27.
Kf1 Qxf5+ 28. Bf4 Rf2+ 29. Ke1 Qe6+ 30. Kd1 Qe2+ 31. Kc1 0-1

[Event "4NCL/Div2b/CELT1 vs. SWD2"]
[Site "Sunningdale ENG"]
[Date "2009.01.18"]
[Round "6.5"]
[White "Thomas, Robert K"]
[Black "Burton, Graham P"]
[Result "1-0"]
[WhiteElo "2156"]
[BlackElo "2061"]
[PlyCount "63"]
[EventDate "2009.01.18"]
[SourceDate "2008.10.04"]

1. d4 Nf6 2. c4 c5 3. d5 e6 4. Nc3 exd5 5. cxd5 d6 6. e4 g6 7. f4 Bg7 8. Nf3
O-O 9. Be2 Nbd7 10. O-O Re8 11. Nd2 Rb8 12. a4 a6 13. g4 h6 14. h4 Nxg4 15.
Bxg4 Qxh4 16. Kg2 f5 17. Bh3 Nb6 18. a5 fxe4 19. Bxc8 Nxc8 20. Ndxe4 b5 21. Ng3
Rb7 22. Nce4 Rf7 23. Ra3 Ref8 24. Raf3 Qe7 25. Qc2 Qd7 26. b3 Ne7 27. Qd3 Nf5
28. Nxf5 Rxf5 29. Ng3 R5f7 30. Qxg6 Rf6 31. Qh5 Kh7 32. f5 1-0

[Event "4NCL/Div2b/CELT1 vs. SWD2"]
[Site "Sunningdale ENG"]
[Date "2009.01.18"]
[Round "6.6"]
[White "Miles, Richard"]
[Black "French, Angus"]
[Result "1/2-1/2"]
[WhiteElo "2050"]
[BlackElo "2115"]
[PlyCount "63"]
[EventDate "2009.01.18"]
[SourceDate "2008.10.04"]

1. g3 d5 2. Bg2 Nf6 3. Nf3 Bf5 4. c4 c6 5. Qb3 Qb6 6. O-O h6 7. d3 e6 8. Be3
Qxb3 9. axb3 Na6 10. Na3 Be7 11. Nc2 O-O 12. Ncd4 Bh7 13. Nxc6 Bc5 14. Bxc5
Nxc5 15. Nxa7 Nxb3 16. Ra3 dxc4 17. dxc4 Nc5 18. Ne5 Be4 19. f3 Bc2 20. Rc1 Ba4
21. Nb5 Bxb5 22. cxb5 Rxa3 23. bxa3 b6 24. Nc4 Na4 25. f4 Rd8 26. Bc6 Rd4 27.
Kf2 Ng4+ 28. Kg1 Nf6 29. Kf2 Ng4+ 30. Kg1 Nf6 31. h3 Nd5 32. Ne5 1/2-1/2